Η στενή εθνολογική συγγένεια των σημερινών Ελλήνων, Βουλγάρων και Τούρκων
Αποθηκεύτηκε σε:
| Κύριος συγγραφέας: | |
|---|---|
| Μορφή: | Βιβλίο |
| Γλώσσα: | Greek |
| Δημοσίευση: |
Θεσσαλονίκη :
1988-1992
|
| Θέματα: | |
| Ετικέτες: |
Προσθήκη ετικέτας
Δεν υπάρχουν, Καταχωρήστε ετικέτα πρώτοι!
|
MARC
| LEADER | 00000nam a2200000 i 4500 | ||
|---|---|---|---|
| 001 | 1/100100 | ||
| 008 | 950413m19881992 gre d | ||
| 035 | |l 10011568 | ||
| 040 | |a GR-MY-UA |b gre |e aacr | ||
| 041 | 0 | |a gre | |
| 082 | 0 | |a 306.09495 | |
| 100 | 1 | |a Νακρατζάς, Γεώργιος. | |
| 245 | 1 | 2 | |a Η στενή εθνολογική συγγένεια των σημερινών Ελλήνων, Βουλγάρων και Τούρκων / |c Γεώργιος Νακρατζάς |
| 260 | |a Θεσσαλονίκη : |c 1988-1992 | ||
| 300 | |a 187 σ. | ||
| 505 | 0 | |a Τ.1. Μακεδονία-Θράκητ.2. Ήπειρος-Νότια Ελλάδα | |
| 650 | 0 | 0 | |a Ethnology |z Greece. |
| 651 | 0 | |a Greece |x History. | |
| 852 | |a INST |b LESVOS |e 19960925 |h 306.09495 ΝΑΚ |p 005100006424 |q 005100006424 |t BK |y 0 |z τ.1 | ||
| 852 | |a INST |b LESVOS |e 19950413 |h 306.09495 ΝΑΚ |p 005100006425 |q 005100006425 |t BK |y 0 |z τ.2 | ||
| 852 | |a INST |b LESVOS |e 19960925 |h 306.09495 ΝΑΚ |p 005100006424 |q 005100006424 |t BK |v τ.1: |y 0 |z τ.1 | ||
| 852 | |a INST |b LESVOS |e 19950413 |h 306.09495 ΝΑΚ |p 005100006425 |q 005100006425 |t BK |v τ.2: |y 0 |z τ.2 | ||
| 853 | |a INST |b LESVOS |h 306.09495 ΝΑΚ | ||
| 909 | |a Λ |b 029883 | ||